000 00438nam a2200181Ia 4500
001 9122
005 20260306160700.0
008 260306t2013||||xx |||||||||||||| ||spa||
041 _aESP
082 _a372.7
_bM26R
100 _aMartínez Montero, Jaime
_eAUT
245 0 _aResolución de problemas y método ABN
260 _c2013
300 _a285 páginas :
_c24 cm.
650 _aGEN
654 _aCED
942 _cLIB
_dJUS
_fJUS
_2ddc
_n
999 _c9122
_d9122